000 00320nam a22001337a 4500
005 20160126120446.0
008 160126b xxu||||| |||| 00| 0 eng d
040 _cPK-LaUMT
082 _aAMC 958.6
_bTAD-
245 _aTadjik soviet socialist republic
260 _aMoscow
_bNovosti
_c1972
300 _a[ ]
942 _cBK
999 _c82279
_d82279